| 000 | 00651nam a22002057a 4500 | ||
|---|---|---|---|
| 003 | 0 | ||
| 005 | 20240425102147.0 | ||
| 008 | 240425b xxu||||| |||| 00| 0 eng d | ||
| 020 | _a978-1-4063-9424-5 | ||
| 050 |
_aER _bMon742 2021 |
||
| 082 |
_aER _bMon742 2021 |
||
| 100 | _aMcGough, Roger | ||
| 245 |
_aMoney-go-round _cRoger McGough ; illustrated by Mini Grey |
||
| 260 |
_aLondon _bWalker Books _cc2021. |
||
| 300 |
_aunpaged : _bcolored illustrations and pictures ; _c24cm. |
||
| 650 | _aMoney--Juvenile Fiction. | ||
| 650 | _aToad, Toad of Hall (Fictitious character)--Juvenile Fiction. | ||
| 650 | _aChildren's Book. | ||
| 942 |
_2ddc _cBK |
||
| 999 |
_c365961 _d365961 |
||